[Event "UZB-ch (Women)"]
[Site "Tashkent"]
[Date "2024.04.25"]
[Round "12"]
[White "Malikova, Marjona"]
[Black "Mansurova, Mumtozbegim"]
[Result "1-0"]
[WhiteElo "1999"]
[BlackElo "1920"]
[PlyCount "125"]
[EventDate "2024.04.20"]
[EventType "tourn (rapid)"]
[EventRounds "17"]
[EventCountry "UZB"]
[SourceTitle "CB18_2024"]
[SourceDate "2024.05.01"]
[SourceVersion "1"]
[SourceVersionDate "2024.05.01"]
[SourceQuality "2"]

1. d4 Nf6 2. c4 e6 3. Nc3 c5 4. d5 exd5 5. cxd5 d6 6. e4 g6 7. h3 Bg7 8. Nf3 0-0 9. Bd3 b5 10. Bxb5 Nxe4 11. Nxe4 Qa5+ 12. Nfd2 Qxb5 13. Nxd6 Qa6 14. N2c4 Nd7 15. 0-0 Ne5 16. Nxc8 Raxc8 17. Nxe5 Bxe5 18. Re1 Qf6 19. Rb1 Bd4 20. Be3 Rfd8 21. Qg4 h5 22. Qe4 Rb8 23. Re2 a6 24. b3 Bxe3 25. fxe3 Qg5 26. Rd1 Rb4 27. Qf3 Rd6 28. e4 Qe5 29. Qe3 Rf6 30. Qxc5 Rxe4 31. Qc8+ Kg7 32. Rxe4 Qxe4 33. Qc3 Qe2 34. Re1 Qf2+ 35. Kh1 Kh7 36. Re8 Qf1+ 37. Kh2 Qf4+ 38. Qg3 Qc1 39. Qb8 Qf4+ 40. Qxf4 Rxf4 41. Ra8 Rf6 42. Rc8 Rd6 43. Rc6 Rxd5 44. Rxa6 h4 45. b4 Rd2 46. b5 Rb2 47. a4 f5 48. b6 Kh6 49. a5 f4 50. Kg1 Kg5 51. Ra7 f3 52. gxf3 Kf4 53. Rf7+ Ke3 54. Re7+ Kxf3 55. Kf1 Rb1+ 56. Re1 Rb2 57. Ra1 Kg3 58. Ra3+ Kh2 59. a6 Rxb6 60. a7 Rf6+ 61. Ke2 Re6+ 62. Kf3 Rf6+ 63. Ke4 1-0

[Event "UZB-ch (Women)"]
[Site "Tashkent"]
[Date "2024.04.22"]
[Round "6"]
[White "Mansurova, Mumtozbegim"]
[Black "Khamdamova, Afruza"]
[Result "0-1"]
[WhiteElo "1920"]
[BlackElo "2300"]
[PlyCount "68"]
[EventDate "2024.04.20"]
[EventType "tourn (rapid)"]
[EventRounds "17"]
[EventCountry "UZB"]
[SourceTitle "CB18_2024"]
[SourceDate "2024.05.01"]
[SourceVersion "1"]
[SourceVersionDate "2024.05.01"]
[SourceQuality "2"]

1. e4 e5 2. Nf3 Nc6 3. Nc3 Nf6 4. Bb5 Bb4 5. 0-0 0-0 6. Bxc6 dxc6 7. d3 Qe7 8. a3 Bd6 9. Ne2 Bg4 10. Ng3 Nd7 11. h3 Be6 12. Ng5 h6 13. Nxe6 fxe6 14. Qg4 Kh7 15. Be3 Rf6 16. h4 Raf8 17. Ne2 Qf7 18. c3 c5 19. b4 b6 20. bxc5 Nxc5 21. Bxc5 Bxc5 22. d4 Rxf2 23. Rxf2 Qxf2+ 24. Kh1 exd4 25. cxd4 Bxd4 26. Rd1 Be5 27. h5 c5 28. Ng1 c4 29. Nf3 Bf4 30. Qg6+ Kh8 31. Qxe6 c3 32. Qe7 Qc5 33. Qh4 c2 34. Rf1 c1Q 0-1

[Event "Sitges Sunway op 10th"]
[Site "Sitges"]
[Date "2023.12.15"]
[Round "4"]
[White "Mansurova, Mumtozbegim"]
[Black "Degrande, Marigje"]
[Result "1/2-1/2"]
[WhiteElo "1532"]
[BlackElo "1945"]
[PlyCount "87"]
[EventDate "2023.12.12"]
[EventType "swiss"]
[EventRounds "10"]
[EventCountry "ESP"]
[SourceTitle "CB52_2023"]
[SourceDate "2023.12.27"]
[SourceVersion "1"]
[SourceVersionDate "2023.12.27"]
[SourceQuality "1"]

1. e4 c5 2. Nf3 g6 3. c3 d5 4. e5 Nc6 5. d4 cxd4 6. cxd4 Bg7 7. Bb5 Nh6 8. h3 0-0 9. 0-0 f6 10. Nc3 fxe5 11. dxe5 e6 12. Re1 a6 13. Bxc6 bxc6 14. Be3 Nf7 15. Bd4 Ng5 16. Nh2 Rb8 17. h4 Nf7 18. h5 gxh5 19. Qxh5 Qg5 20. Qxg5 Nxg5 21. b3 Rf5 22. g3 Nf3+ 23. Nxf3 Rxf3 24. Na4 Bf8 25. Kg2 Rd3 26. Red1 Rxd1 27. Rxd1 Bd7 28. Nc5 Bxc5 29. Bxc5 a5 30. Rd3 Be8 31. Rc3 Kg7 32. f4 Rb5 33. g4 h5 34. gxh5 Bxh5 35. Kf2 Kg6 36. Ke3 Kf5 37. Bd4 a4 38. bxa4 Ra5 39. Rxc6 Rxa4 40. Rc2 Ra3+ 41. Bc3 Bd1 42. Rc1 Ba4 43. Kd4 Rxa2 44. Rg1 1/2-1/2

[Event "Motiva Online Blitz (Women)"]
[Site "Chess.com INT"]
[Date "2021.12.18"]
[Round "13"]
[White "Castillo Pena, Patricia Evarista"]
[Black "Mansurova, Mumtozbegim"]
[Result "0-1"]
[WhiteElo "1838"]
[BlackElo "1319"]
[PlyCount "144"]
[EventDate "2021.12.18"]
[EventType "swiss (blitz)"]
[EventRounds "13"]
[EventCountry "USA"]
[SourceTitle "CBM 205 Extra"]
[Source "ChessBase"]
[SourceDate "2022.01.31"]
[SourceVersion "1"]
[SourceVersionDate "2022.01.31"]
[SourceQuality "1"]

1. d4 Nf6 2. Nf3 e6 3. e3 c5 4. Bd3 d5 5. b3 a6 6. Bb2 Nc6 7. 0-0 b5 8. c4 bxc4 9. bxc4 Rb8 10. Qe2 Qb6 11. Bc3 Be7 12. Nbd2 Qc7 13. cxd5 exd5 14. Bxa6 Bxa6 15. Qxa6 cxd4 16. exd4 0-0 17. Rfc1 Rb6 18. Qd3 Qb7 19. Ne5 Rc8 20. Qf5 Rc7 21. h3 Bb4 22. Qd3 Bxc3 23. Rxc3 Nb4 24. Rxc7 Qxc7 25. Qa3 Nc2 26. Qa8+ Rb8 27. Qc6 Qxc6 28. Nxc6 Rb6 29. Rb1 Rxb1+ 30. Nxb1 Nd7 31. Ne5 Nxe5 32. dxe5 d4 33. f4 Nb4 34. Nd2 Nxa2 35. Kf2 d3 36. Ke3 Nc1 37. Ne4 Kf8 38. Nd6 Ke7 39. g4 Ke6 40. Nf5 g6 41. Nd4+ Kd5 42. Nf3 Kc4 43. Ng5 Nb3 44. Ne4 d2 45. Nxd2+ Nxd2 46. Kxd2 Kd4 47. Ke2 Ke4 48. f5 gxf5 49. e6 fxe6 50. g5 f4 51. h4 Kf5 52. h5 Kxg5 53. Kf3 Kxh5 54. Kxf4 Kg6 55. Ke5 Kg5 56. Kxe6 h5 57. Ke5 h4 58. Ke4 Kg4 59. Ke3 Kg3 60. Ke2 Kg2 61. Ke3 h3 62. Kf4 h2 63. Kg5 h1Q 64. Kg6 Qf1 65. Kg7 Qf3 66. Kg8 Qf4 67. Kh7 Qg5 68. Kh8 Kf3 69. Kh7 Kf4 70. Kh8 Kf5 71. Kh7 Kf6 72. Kh8 Qg7# 0-1

[Event "Motiva Online Blitz (Women)"]
[Site "Chess.com INT"]
[Date "2021.12.18"]
[Round "9"]
[White "Hayrapetyan, Nvard"]
[Black "Mansurova, Mumtozbegim"]
[Result "1-0"]
[WhiteElo "1403"]
[BlackElo "1319"]
[PlyCount "131"]
[EventDate "2021.12.18"]
[EventType "swiss (blitz)"]
[EventRounds "13"]
[EventCountry "USA"]
[SourceTitle "CBM 205 Extra"]
[Source "ChessBase"]
[SourceDate "2022.01.31"]
[SourceVersion "1"]
[SourceVersionDate "2022.01.31"]
[SourceQuality "1"]

1. d4 Nf6 2. c4 e6 3. Nf3 c5 4. d5 exd5 5. cxd5 d6 6. Nc3 g6 7. Nd2 Bg7 8. Nc4 a6 9. a4 0-0 10. Bf4 Ne8 11. Qd2 Bf5 12. e4 Bc8 13. Be2 f5 14. 0-0 Bxc3 15. Qxc3 fxe4 16. Bh6 Rf7 17. Qg3 Bf5 18. a5 Qe7 19. Bg5 Qc7 20. Nb6 Ra7 21. Qh4 Nd7 22. Bd8 Qb8 23. Nc4 Ne5 24. Nxe5 dxe5 25. Bb6 Ra8 26. g4 Bd7 27. g5 Qc8 28. Qxe4 Ng7 29. Rac1 Be8 30. Rxc5 Qh3 31. Qg2 Qxg2+ 32. Kxg2 Nf5 33. Rc7 Rxc7 34. Bxc7 Rc8 35. Bxe5 Ne7 36. Rd1 Rd8 37. Bc4 Bf7 38. Bf6 Rd7 39. Bxe7 Rxe7 40. d6 Rd7 41. Bxf7+ Kxf7 42. Kf3 Ke6 43. Ke4 Rf7 44. d7 Rxd7 45. Rxd7 Kxd7 46. Kd5 Ke7 47. Kc5 Ke6 48. Kb6 Kf5 49. Kxb7 Kxg5 50. Kxa6 Kf4 51. b3 Kf3 52. b4 Kxf2 53. b5 g5 54. b6 g4 55. b7 h5 56. b8Q h4 57. Qf4+ Kg2 58. Qxg4+ Kxh2 59. Qxh4+ Kg1 60. Kb6 Kg2 61. Qf4 Kh1 62. Qf3+ Kh2 63. a6 Kg1 64. a7 Kh2 65. a8Q Kg1 66. Qg2# 1-0

[Event "Amazons Pride Blitz"]
[Site "Chess.com INT"]
[Date "2021.10.23"]
[Round "5"]
[White "Cramling Bellon, Anna"]
[Black "Mansurova, Mumtozbegim"]
[Result "1-0"]
[WhiteElo "2035"]
[BlackElo "1319"]
[PlyCount "41"]
[EventDate "2021.10.23"]
[EventType "swiss (blitz)"]
[EventRounds "9"]
[EventCountry "USA"]
[SourceTitle "CBM 204 Extra"]
[Source "ChessBase"]
[SourceDate "2021.11.30"]
[SourceVersion "1"]
[SourceVersionDate "2021.11.30"]
[SourceQuality "1"]

1. d4 Nf6 2. c4 e6 3. Nc3 c5 4. d5 exd5 5. cxd5 d6 6. e4 g6 7. f4 Bg7 8. Bb5+ Nfd7 9. Be2 0-0 10. Nf3 Re8 11. Qc2 a6 12. a4 Bxc3+ 13. bxc3 Nf6 14. Nd2 Qe7 15. 0-0 Nxe4 16. Bd3 Nxd2 17. Bxd2 Nd7 18. Rae1 Qf8 19. c4 Nf6 20. Bc3 Qg7 21. Rxe8+ 1-0

[Event "Amazons Pride Blitz"]
[Site "Chess.com INT"]
[Date "2021.10.23"]
[Round "9"]
[White "Leolko, Ljudmila"]
[Black "Mansurova, Mumtozbegim"]
[Result "1/2-1/2"]
[WhiteElo "1960"]
[BlackElo "1319"]
[PlyCount "124"]
[EventDate "2021.10.23"]
[EventType "swiss (blitz)"]
[EventRounds "9"]
[EventCountry "USA"]
[SourceTitle "CBM 204 Extra"]
[Source "ChessBase"]
[SourceDate "2021.11.30"]
[SourceVersion "1"]
[SourceVersionDate "2021.11.30"]
[SourceQuality "1"]

1. e4 c5 2. Nf3 e6 3. d4 cxd4 4. Nxd4 a6 5. c4 Qc7 6. Nc3 Nf6 7. Be3 Bb4 8. Rc1 Nxe4 9. Bd3 Nxc3 10. bxc3 Ba3 11. Rb1 Nc6 12. Qg4 Ne5 13. Qxg7 Nxd3+ 14. Kd2 Qe5 15. Bh6 Qxg7 16. Bxg7 Rg8 17. Kxd3 Rxg7 18. g3 Bc5 19. Rhe1 Bxd4 20. cxd4 Rb8 21. f4 b6 22. d5 Bb7 23. Rxb6 Kd8 24. dxe6 dxe6 25. c5 Kc7 26. Reb1 Rgg8 27. Kc4 Bd5+ 28. Kc3 Rxb6 29. Rxb6 Rb8 30. Rxa6 Ra8 31. Rxa8 Bxa8 32. Kb4 Bc6 33. a4 Kb7 34. Ka5 Ka7 35. Kb4 Ka6 36. Kc4 Ka5 37. Kd4 Kxa4 38. Ke5 Kb5 39. Kf6 Kxc5 40. Kxf7 Kd6 41. Kg7 Be4 42. Kf6 Bf5 43. Kg5 Kd5 44. g4 Be4 45. h4 Bc2 46. Kf6 Be4 47. g5 Bg6 48. Ke7 Bf5 49. h5 Ke4 50. Kf6 Kxf4 51. g6 hxg6 52. h6 g5 53. h7 Bxh7 54. Kxe6 g4 55. Kf6 g3 56. Ke6 g2 57. Kf6 g1Q 58. Ke6 Qg5 59. Kd7 Qe5 60. Kd8 Qe6 61. Kc7 Be4 62. Kb8 Qd7 1/2-1/2

[Event "Amazons Pride Blitz"]
[Site "Chess.com INT"]
[Date "2021.10.23"]
[Round "1"]
[White "Mansurova, Mumtozbegim"]
[Black "Vargas, Gabriela"]
[Result "0-1"]
[WhiteElo "1319"]
[BlackElo "2152"]
[PlyCount "86"]
[EventDate "2021.10.23"]
[EventType "swiss (blitz)"]
[EventRounds "9"]
[EventCountry "USA"]
[SourceTitle "CBM 204 Extra"]
[Source "ChessBase"]
[SourceDate "2021.11.30"]
[SourceVersion "1"]
[SourceVersionDate "2021.11.30"]
[SourceQuality "1"]

1. d4 d5 2. Nc3 c6 3. Bf4 Bf5 4. e3 Nf6 5. f3 h6 6. g4 Bh7 7. h4 e6 8. Bd3 Bxd3 9. Qxd3 Nbd7 10. Nge2 a6 11. e4 dxe4 12. Nxe4 Nd5 13. Nd6+ Bxd6 14. Bxd6 N7f6 15. Be5 Rc8 16. c4 Qa5+ 17. Qd2 Nb4 18. Kd1 c5 19. dxc5 Rd8 20. Bd4 e5 21. a3 Nc6 22. Qxa5 Nxa5 23. b4 Nb3 24. Rb1 Nxd4 25. Nxd4 Rxd4+ 26. Kc2 Rxc4+ 27. Kd3 Rd4+ 28. Ke3 0-0 29. Rhd1 Rfd8 30. Rxd4 Rxd4 31. g5 hxg5 32. hxg5 Nd5+ 33. Kf2 Nf4 34. a4 Rd2+ 35. Kf1 Rc2 36. b5 Rxc5 37. bxa6 bxa6 38. Rb6 Ra5 39. Rb4 f6 40. g6 Nxg6 41. Rb8+ Kf7 42. Rb4 Nf4 43. Re4 Ke6 0-1